000 00320nam a22001337a 4500
008 250704b |||||||| |||| 00| 0 eng d
050 _aHD7125
_b.M94
100 _aMYERS Robert J.
245 _aSocial Security
250 _a3
260 _aUnited States
_bMcchan Foundation
_c1985
300 _axxxvi, 964p.
942 _cBK
999 _c4132
_d4132